000
00270nam a22001217a 4500
008
190306b xxu||||| |||| 00| 0 eng d
041
_a
eng
080
_2
7th
_a
616
100
_a
8
101
_a
PAT
245
_a
Synopsis of Pathology
_c
Anderson, W.A.D
942
_2
udc
_c
BK
999
_c
54628
_d
54628